Culture Générale - Série 2632 - Statistiques

Statistiques générales
  • Ce quiz a été pris 81 fois
  • Le résultat moyen est 5 sur 10
Statistiques - réponses
Question Réponse % Correct
Combien un parcours de golf compte-t-il de trous ? 18
88%
Dans quel état des Etats-Unis les marais des Everglades sont-ils devenus parc national ? Floride
68%
De quelle ville partit Louis Blériot quand il traversa la Manche en avion en 1909 ? Calais
67%
De quel personnage de bande dessinée Charles De Gaulle disait-il qu'il était son "seul rival international" ? Tintin
60%
Dans quel état des Etats-Unis faut-il se rendre pour visiter le parc du Grand Canyon ? Arizona
51%
Quelle cathédrale de France est ornée d'une sculpture intitulée "L'ange au sourire" ? Reims
48%
Quel animal est le symbole du parti républicain américain ? éléphant
44%
Quel est le plus ancien parc naturel du monde, inauguré en 1872 par Ulysses Grant ? Yellowstone
40%
Dans quelle ville française peut-on visiter le musée de la Reine-Mathilde ? Bayeux
5%
Qui a écrit Kéraban-le-Têtu en 1883 ? prénom et nom Jules Verne
5%
Aucun quiz correspondant
Distribution des résultats
% des personnes avec chaque résultat
Percentile par nombre de réponses
Votre historique - résultats
Vous n’avez pas pris ce quiz